|
|
|
|
| LEADER |
01555nam a2200409 a 4500 |
| 001 |
EBC3386372 |
| 003 |
MiAaPQ |
| 005 |
20200520144314.0 |
| 006 |
m o d | |
| 007 |
cr cn||||||||| |
| 008 |
050119s2005 enk sb 001 0 eng d |
| 010 |
|
|
|z 2005001626
|
| 020 |
|
|
|z 074532407X (hardback)
|
| 020 |
|
|
|z 0745324061 (pbk.)
|
| 020 |
|
|
|z 9780745324074
|
| 020 |
|
|
|a 9781849642804 (electronic bk.)
|
| 035 |
|
|
|a (MiAaPQ)EBC3386372
|
| 035 |
|
|
|a (Au-PeEL)EBL3386372
|
| 035 |
|
|
|a (CaPaEBR)ebr10479920
|
| 035 |
|
|
|a (OCoLC)666935261
|
| 040 |
|
|
|a MiAaPQ
|c MiAaPQ
|d MiAaPQ
|
| 043 |
|
|
|a n-us---
|
| 050 |
|
4 |
|a HD60.5.U6
|b P47 2005
|
| 082 |
0 |
4 |
|a 306.3/4
|2 22
|
| 100 |
1 |
|
|a Perelman, Michael.
|
| 245 |
1 |
0 |
|a Manufacturing discontent
|h [electronic resource] :
|b the trap of individualism in corporate society /
|c Michael Perelman.
|
| 260 |
|
|
|a London ;
|a Ann Arbor, Mich. :
|b Pluto Press,
|c 2005.
|
| 300 |
|
|
|a xiv, 209 p.
|
| 504 |
|
|
|a Includes bibliographical references (p. 183-202) and index.
|
| 533 |
|
|
|a Electronic reproduction. Ann Arbor, MI : ProQuest, 2015. Available via World Wide Web. Access may be limited to ProQuest affiliated libraries.
|
| 650 |
|
0 |
|a Social responsibility of business
|z United States.
|
| 650 |
|
0 |
|a Corporations
|x Social aspects
|z United States.
|
| 650 |
|
0 |
|a Individualism
|z United States.
|
| 650 |
|
0 |
|a Consumption (Economics)
|z United States.
|
| 655 |
|
4 |
|a Electronic books.
|
| 710 |
2 |
|
|a ProQuest (Firm)
|
| 856 |
4 |
0 |
|u https://ebookcentral.proquest.com/lib/matrademy/detail.action?docID=3386372
|z Click to View
|